[Event "Novgorod"]
[Site "Novgorod"]
[Date "1997.06.18"]
[Round "6"]
[White "Topalov, Veselin"]
[Black "Kramnik, Vladimir"]
[Result "1/2-1/2"]
[WhiteElo "2725"]
[BlackElo "2740"]
[Annotator "Gofshtein,L"]
[PlyCount "42"]
[EventDate "1997.06.11"]
[EventType "tourn"]
[EventRounds "10"]
[EventCountry "RUS"]
[EventCategory "19"]
[SourceTitle "CBM 060"]
[Source "ChessBase"]
[SourceDate "1997.09.29"]
[SourceVersion "1"]
[SourceVersionDate "1997.09.29"]
[SourceQuality "1"]

1. e4 c5 2. Nf3 Nc6 3. d4 cxd4 4. Nxd4 Nf6 5. Nc3 d6 6. Bc4 Qb6 7. Nxc6 bxc6 8.
O-O g6 9. e5 (9. Qe2 Bg4 10. Qe1 (10. Qd3 Bg7 11. Be3 Qxb2 12. Rab1 Qa3 13. Rb7
Qa5 14. e5 dxe5 15. Ne4 O-O $17 {Rigo-Finegold,New-York,1993}) 10... Qc5 11. b3
Bg7 12. Na4 Qh5 13. Bb2 Be6 14. Bxe6 fxe6 15. e5 Ng4 16. h3 Bxe5 17. Bxe5 Nxe5
18. f4 $16 {Madl-Varga,Budapest 1997}) (9. h3 Bg7 10. Re1 O-O 11. Bb3 Bb7 12.
e5 dxe5 13. Rxe5 e6 14. Re1 c5 15. Qe2 Rfc8 $15 {Martinez.S-Spragett.K,1993}) (
9. Bb3 Bg7 10. Bf4 Nd7 11. Bg5 a5 12. Qf3 Ne5 13. Qg3 Ba6 14. Rfe1 Qc7 15. Rad1
$14 {Prie-Tukmakov,France 1991}) 9... dxe5 10. Qe2 Qd4 (10... Qc7 $143 11. f4
e4 12. Nxe4 Nxe4 13. Qxe4 Bg7 14. c3 O-O 15. Be3 $14) (10... Bg7 11. Qxe5 O-O
12. Qxe7 Bf5 13. Bb3 Rae8 14. Qd6 h5 15. Bg5 Ne4 16. Nxe4 Rxe4 17. Bf6 c5 18.
Qxb6 axb6 19. Bxg7 Kxg7 20. Rfe1 $44 {Rcegler-Kozul,1997 Portoroz}) 11. Be3 (
11. Rd1 $2 Bg4 $1) 11... Qd6 $146 (11... Qh4 12. g3 $6 (12. f4 $1 $40) 12...
Qh5 13. f3 Bg7 14. Bc5 Nd7 15. Ba3 Nb6 16. Bb3 O-O 17. Bxe7 Re8 18. g4 Qh3 19.
Bg5 h5 $15 {Toloza-Ricardi,1997 Mar del-Plata}) 12. Rad1 Qc7 13. f4 $1 Bg4 (
13... Bg7 $2 14. fxe5 Qxe5 15. Bb6 $1 $18) 14. Qf2 (14. Nb5 Qb7 $1 $17 (14...
cxb5 $2 15. Bxb5+ Bd7 16. fxe5 Qxe5 17. Bxd7+ Nxd7 18. Qf3 O-O-O 19. Bd4 $18))
14... e4 (14... Bxd1 15. fxe5 Qxe5 16. Bd4 Qd6 17. Bxf6 Qxf6 18. Qc5 $18) 15.
Rde1 Bf5 $1 (15... Bg7 $6 16. h3 Bd7 17. Bd4 $16) 16. h3 h5 $11 17. Bd4 Bg7 18.
b3 O-O 19. Bxf6 Bxf6 20. Nxe4 Bxe4 21. Rxe4 Qb6 1/2-1/2

[Event "Novgorod"]
[Site "Novgorod"]
[Date "1997.06.20"]
[Round "8"]
[White "Short, Nigel D"]
[Black "Kramnik, Vladimir"]
[Result "1-0"]
[WhiteElo "2690"]
[BlackElo "2740"]
[Annotator "Rogozenco,D"]
[PlyCount "59"]
[EventDate "1997.06.11"]
[EventType "tourn"]
[EventRounds "10"]
[EventCountry "RUS"]
[EventCategory "19"]
[SourceTitle "CBM 060"]
[Source "ChessBase"]
[SourceDate "1997.09.29"]
[SourceVersion "1"]
[SourceVersionDate "1997.09.29"]
[SourceQuality "1"]

1. e4 {Baburin,A} c5 2. Nf3 Nc6 3. d4 cxd4 4. Nxd4 Nf6 5. Nc3 d6 6. h3 {
A rare move, which is usually played to avoid a theoretical battle.} g6 {
Baburin: Going into the Dragon Variation must be a good way of dealing with 6
h3, since in the Dragon that move is hardly useful. Black decides to play a
Dragon-type position. The drawback of this is the impossibility to play the
most common set up in the Dragon against 6.h3 and 7.Bc4, which is b7-b6, Bb7,
Nbd7, because Black`s Knight is already on c6. However, the plan Nc6-a5 was
consedered to be enough too.} (6... e6 7. g4 a6 8. Bg2 Qc7 9. a4 Be7 10. Nde2
$6 Rb8 11. g5 Nd7 12. h4 b5 $15 {Brodskij M.-Tukmakov/Helsinki/1992}) (6... e5
7. Nde2 h6 8. g4 Be6 9. Bg2 Ne7 $5 10. f4 exf4 11. Bxf4 Ng6 12. Bg3 Be7 $13 {
Berescu-Leko/Mamaia/1991}) 7. Be3 Bg7 8. Bc4 O-O 9. Bb3 Na5 10. Qd2 $146 {
Surprisingly, but this seems to be a new move in the position. The main idea
is to exchange the bishops on h6 and keeping the possibility to castle long.
And although both ideas are very typical for Dragon, 10.Qd2 was never played
before.} (10. O-O b6 11. Qd3 Bb7 12. Bg5 Nxb3 13. axb3 a6 14. Rfe1 h6 $11 {
Polgar,J-Topalov/Novgorod/1996}) 10... Bd7 (10... b6 11. Bh6 Bxh6 $5 12. Qxh6
Bb7 13. f3 (13. Qe3 Rc8 $13) 13... Qc7 $13) 11. Bh6 Rc8 12. Bxg7 Kxg7 13. Qd3
a6 14. f4 $14 e5 (14... Rc5 $5) 15. Nde2 Qb6 16. O-O-O Bb5 17. Qf3 (17. Nxb5
Qxb5 $11) 17... Bxe2 18. Qxe2 Nxb3+ 19. axb3 exf4 20. Rhf1 Qa5 (20... Qe3+ 21.
Qxe3 fxe3 22. Rxd6 Rc6 23. Rxc6 bxc6 24. Re1 $16) (20... Nh5 21. Rf3 Rfe8 22.
Qd2 Re6 23. Nd5 Qd8 24. Nxf4 Nxf4 25. Qxf4 Qe7 $11) ({Baburin: Perhaps, Black
should have tried to hold on to the f-pawn for a while after} 20... Nh5 $5 {
Baburin,A}) 21. Rxf4 Qa1+ $2 (21... Rc6 $142 $14) 22. Nb1 Nd7 (22... Rc6 23. e5
dxe5 24. Ra4 $18) 23. Rxd6 Nc5 24. Qe3 $18 a5 (24... Qa2 25. Rf3) 25. e5 b5 26.
Rh4 Kg8 (26... h5 27. Rxh5 gxh5 (27... Nxb3+ {Baburin,A} 28. Qxb3 gxh5 29. Qg3+
Kh7 30. Qg5 $18) 28. Qg5+ Kh7 29. Rh6#) 27. Rd5 Ne6 28. Qh6 {Baburin: Here
occupying the vulnerable h6-square decides the game at once. Black's pieces
are far away from its king and cannot save it.} Rxc2+ 29. Kxc2 Rc8+ 30. Nc3 1-0

[Event "Novgorod"]
[Site "Novgorod"]
[Date "1997.06.22"]
[Round "9"]
[White "Kasparov, Garry"]
[Black "Kramnik, Vladimir"]
[Result "1/2-1/2"]
[WhiteElo "2795"]
[BlackElo "2740"]
[Annotator "Gofshtein,L"]
[PlyCount "82"]
[EventDate "1997.06.11"]
[EventType "tourn"]
[EventRounds "10"]
[EventCountry "RUS"]
[EventCategory "19"]
[SourceTitle "CBM 060"]
[Source "ChessBase"]
[SourceDate "1997.09.29"]
[SourceVersion "1"]
[SourceVersionDate "1997.09.29"]
[SourceQuality "1"]

1. e4 c5 2. Nc3 Nc6 3. Nge2 Nf6 4. d4 cxd4 5. Nxd4 d6 6. Bg5 e6 7. Qd2 a6 8.
O-O-O h6 9. Be3 Be7 10. f4 Nxd4 11. Bxd4 b5 12. Kb1 Bb7 13. Bd3 O-O 14. e5 dxe5
15. fxe5 Nd7 16. Ne4 Bxe4 17. Bxe4 Rb8 (17... Rc8 $6 18. c3 $1 Qc7 19. Qe2 Rfd8
20. Rhf1 Bc5 21. g4 Nf8 22. g5 $1 $40 {Ye Jiangchuan-Kramnik,Erevan 1996}) 18.
c3 $1 (18. Ba7 Nxe5 19. Qc3 Bd6 20. Qd4 Bc7 21. Qc5 Qc8 $44 {Shirov-Kramnik,
Linares 1997} 22. Bxb8 Qxb8) 18... Qc7 (18... b4 19. Bc2 bxc3 20. Qxc3 Qc8 21.
Qd3 g6 22. Qg3 Kg7 23. Rhf1 {Threatening 24.Rf7}) 19. Bc2 $1 Rfd8 (19... Nxe5
20. Rhe1 (20. Qf4 Bd6 21. Rhe1 Ng6 22. Qg4 e5) 20... Bd6 (20... Nc6 21. Qd3 f5
(21... g6 22. Rxe6) 22. Rxe6 {with the idea 23.g4}) 21. Qe2 f6 (21... Nc4 22.
Qd3 $36) 22. Qe4 $36) (19... b4 20. Qd3 g6 21. Qg3 bxc3 22. Bxc3 Kg7 23. Rhf1
Bb4 (23... Rfc8 24. Rxf7+) 24. Rf6 $1 $18) 20. Qf4 $1 Nf8 21. Rhf1 Bg5 22. Qf2
{with the double threat 23.h4 and23.Bc5} Rd7 23. Bc5 Rc8 24. Bd6 Qd8 25. Rd4 $2
(25. g3 h5 (25... Qe8 26. Qb6 Ra8 27. Be4 $18) 26. h4 Bh6 27. Rd4 {With the
idea g4} f5 28. Bb3 $1 $18 {with the threat 29.Qf5 and 29.Bf8}) 25... Qe8 $1 {
black's queen helps out with the defence.} 26. h4 Be7 27. g4 Bxd6 28. exd6 Rc6
29. g5 $6 (29. Rfd1 Qd8 (29... e5 30. Qe2 $1) 30. Qg3 $36) 29... e5 30. Rd5 (
30. gxh6 exd4 (30... Rcxd6 $2 31. Rxd6 Rxd6 32. hxg7 Kxg7 33. Rg1+ Kh8 34. Qg3
$18) 31. Qg2 Qe5 32. Qxc6 Qxd6 33. Qxd6 Rxd6 34. hxg7 Ne6 $11) 30... Rcxd6 31.
Rxd6 Rxd6 32. Bb3 Ne6 33. g6 $6 (33. gxh6 Nf4 34. Qe3 (34. hxg7 Rg6 35. Re1 Qb8
) 34... Qb8 35. hxg7 Rg6 36. h5 Rxg7 37. h6 Rg6 $1 (37... Rg5 38. Rg1 Qd8 39.
Qa7 $1 $16) 38. h7+ Kxh7 39. Bc2 Qd6 $44) 33... f6 34. h5 $6 (34. Qf5 $5) 34...
Qd7 35. Qf3 (35. Qf5 $5) 35... Kf8 {now black's king comes into the game.} 36.
Qa8+ Nd8 37. Qe4 Ke7 38. a3 Qh3 39. Rd1 Rxd1+ $6 (39... Qxh5 40. Rxd6 (40. Qb4
Nb7 41. Rxd6 Nxd6 42. Qc5 Qxg6+ 43. Ka2 Qe8 $19) 40... Kxd6 41. Qd5+ (41. Qa8
Qxg6+ 42. Ka2 Qe8 43. Qxa6+ Qc6 44. Qa7 Qb7 $17) (41. Qb4+ Kd7 $17) (41. Bc2
Nc6) 41... Kc7 $1 (41... Ke7 $2 42. Qc5+ Ke8 43. Bf7+ Nxf7 44. Qc6+ Ke7 45.
Qb7+ Ke6 46. Qc8+ $1 (46. Qxf7+ Kf5) 46... Kd6 (46... Kd5 47. Qb7+ $11)) 42.
Qc5+ (42. Qf7+ Nxf7 43. gxf7 Qh1+ 44. Ka2 Qa8 $19) 42... Nc6 43. Bc2 Qg4 $19)
40. Bxd1 Qe6 41. Bg4 Qc6 {after 42.Qe3 white has good counterplay.} 1/2-1/2

[Event "Dortmund SuperGM 25th"]
[Site "Dortmund"]
[Date "1997.07.05"]
[Round "2"]
[White "Anand, Viswanathan"]
[Black "Kramnik, Vladimir"]
[Result "1/2-1/2"]
[WhiteElo "2765"]
[BlackElo "2770"]
[Annotator "Rogozenco,D"]
[PlyCount "48"]
[EventDate "1997.07.04"]
[EventType "tourn"]
[EventRounds "9"]
[EventCountry "GER"]
[EventCategory "18"]
[SourceTitle "CBM 060"]
[Source "ChessBase"]
[SourceDate "1997.09.29"]
[SourceVersion "1"]
[SourceVersionDate "1997.09.29"]
[SourceQuality "1"]

1. e4 {Horvath,T} c5 2. Nf3 Nc6 3. d4 cxd4 4. Nxd4 Nf6 5. Nc3 e5 6. Ndb5 d6 7.
Bg5 a6 8. Na3 b5 9. Nd5 Be7 10. Bxf6 Bxf6 11. c3 O-O 12. Nc2 Bg5 (12... Rb8 13.
h4 g6 14. h5 Bg5 15. Nce3 Be6 16. Qf3 a5 17. g3 b4 18. Bc4 bxc3 19. bxc3 Ne7
20. hxg6 fxg6 21. Qg4 $1 Bxd5 22. Bxd5+ Nxd5 23. Nxd5 Rf7 24. O-O $16 {
Korneev-Filippov/Ekaterinburg/1997}) 13. Be2 {Horvath: Nach meiner Meinung
kann Weiß nur mit 13.a4 um Eröffnungsvorteil kämpfen.} (13. a4 {More ambitious
than 13. Be2.} bxa4 14. Rxa4 a5 15. Bc4 Rb8 16. b3 Kh8 17. Nce3 g6 18. O-O f5
19. exf5 gxf5 20. Qh5 Bd7 21. Kh1 $6 Be8 22. Qh3 f4 23. Bd3 Qd7 24. Qxd7 Bxd7
25. Nc4 f3 {0,5:0,5 Hamdouchi-Cherniaev/Cannes/1997}) 13... Ne7 14. Ncb4 (14.
Nce3 {Horvath,T ist auch gefahrlos.}) 14... a5 15. Nxe7+ Qxe7 16. Nd5 Qb7 17.
Qd3 (17. O-O Be6 $11) 17... b4 18. cxb4 axb4 19. Qb3 (19. O-O Be6 20. Rfd1 Ra5
21. Qb3 Bxd5 $11 {Meyers-Kalinitschew/Muenster/1991}) (19. Qg3 {Horvath,T} Bd8
20. O-O Bb6 21. a3 bxa3 22. bxa3 Be6 $10 {Kamsky-Lautier/CBM/47}) 19... Be6 20.
Bc4 (20. O-O $6 {Horvath,T} Bxd5 21. Qxd5 Qxd5 22. exd5 $15) 20... Rac8 21. O-O
(21. Qd3 Qc6 22. b3 Bxd5 23. Qxd5 Qxd5 24. Bxd5 Bd8 $11) (21. h4 $6 Bd8 $15)
21... Qc6 22. Rac1 Bxd5 (22... Bxc1 $2 23. Ne7+ $18) 23. exd5 Qc5 24. Rc2 g6
$15 1/2-1/2

[Event "Dortmund SuperGM 25th"]
[Site "Dortmund"]
[Date "1997.07.12"]
[Round "8"]
[White "Kramnik, Vladimir"]
[Black "Topalov, Veselin"]
[Result "1/2-1/2"]
[WhiteElo "2770"]
[BlackElo "2745"]
[Annotator "Huzman,A"]
[PlyCount "71"]
[EventDate "1997.07.04"]
[EventType "tourn"]
[EventRounds "9"]
[EventCountry "GER"]
[EventCategory "18"]
[SourceTitle "CBM 060"]
[Source "ChessBase"]
[SourceDate "1997.09.29"]
[SourceVersion "1"]
[SourceVersionDate "1997.09.29"]
[SourceQuality "1"]

1. Nf3 Nf6 2. c4 g6 3. Nc3 Bg7 4. e4 d6 5. d4 O-O 6. Be2 e5 7. O-O Nc6 8. d5
Ne7 9. b4 a5 10. Ba3 axb4 (10... Nd7 11. bxa5 Rxa5 12. Bb4 Ra8 13. a4 Bh6 14.
a5 f5 15. Nd2 Kh8 16. Ra2 Nf6 17. c5 Bxd2 18. cxd6 cxd6 19. Rxd2 Nxe4 20. Nxe4
fxe4 21. Qb1 b6 $1 $17 {1/2-1/2 Panno Oscar-Fiorito Fabian/Ch Argentina,
Argentina 1995 (34)}) 11. Bxb4 Nd7 12. a4 Bh6 13. a5 f5 14. Nd2 Kh8 15. Bd3 Rf6
(15... Ng8 16. Qc2 Rf7 17. Na4 fxe4 18. Nxe4 Ndf6 19. Nac3 Bf5 20. Ng3 Bxd3 21.
Qxd3 $14 {1/2-1/2 Pelletier,Y-Renet,O/EU-chTM 1997 (32)}) 16. Na4 Rf7 17. c5
dxc5 18. Bc3 fxe4 19. Bxe4 Nf5 20. Nc4 Nd6 $1 $146 (20... Bg7 {Kramnik-Topalov,
Las Palmas96}) 21. Nxe5 Nxe5 22. Bxe5+ Bg7 23. Bxg7+ Rxg7 {[%cal Ya8a5,Yd6e4]}
24. Nxc5 $8 b6 25. Ne6 Bxe6 26. dxe6 Nxe4 27. axb6 cxb6 (27... Rb8 $5 28. Qxd8+
(28. Re1 Nd6 $17) 28... Rxd8 29. Rfe1 Nd6 30. Rad1 cxb6 31. e7 Re8 32. Rxd6
Rgxe7 $11) 28. Re1 Nc3 (28... Nf6 29. e7 $1 Qe8 30. Rxa8 Qxa8 31. Qd8+ Rg8 32.
Qd4 Qc6 33. e8=Q $11) 29. e7 (29. Rxa8 Qxa8 30. Qd4 Nb5 31. Qxb6 Nc7 $15) 29...
Nxd1 30. exd8=B Rxd8 31. Rexd1 Rxd1+ 32. Rxd1 $11 Rb7 33. Kf1 b5 34. Rb1 Kg7
35. Ke2 Kf6 36. Kd3 1/2-1/2

[Event "Dortmund SuperGM 25th"]
[Site "Dortmund"]
[Date "1997.07.13"]
[Round "9"]
[White "Short, Nigel D"]
[Black "Kramnik, Vladimir"]
[Result "1/2-1/2"]
[WhiteElo "2660"]
[BlackElo "2770"]
[Annotator "Rogozenco,D"]
[PlyCount "52"]
[EventDate "1997.07.04"]
[EventType "tourn"]
[EventRounds "9"]
[EventCountry "GER"]
[EventCategory "18"]
[SourceTitle "CBM 060"]
[Source "ChessBase"]
[SourceDate "1997.09.29"]
[SourceVersion "1"]
[SourceVersionDate "1997.09.29"]
[SourceQuality "1"]

1. e4 {Horvath,T} c5 2. Nf3 Nc6 3. d4 cxd4 4. Nxd4 Nf6 5. Nc3 e5 6. Ndb5 d6 7.
Bg5 a6 8. Na3 b5 9. Bxf6 gxf6 10. Nd5 Bg7 11. c3 f5 12. exf5 Bxf5 13. Nc2 Be6
14. Nce3 Ne7 15. g3 Nxd5 16. Nxd5 O-O 17. Bg2 Rb8 18. O-O a5 19. Qh5 Qd7 {
Horvath: Eine andere Möglichkeit ist :} (19... Kh8 {Horvath,T} 20. Rad1 f5 $13
{nicht aber} (20... Qd7 $4 21. Nf6 $1 $18)) 20. Qh4 (20. f4 f5 (20... Bxd5 {
Horvath,T} 21. Bxd5 b4 $10) 21. Rad1 e4 22. Rd2 $14 {Horvath P.-Rogozenko/
Budapest/1995} (22. a3 $2 Qb7 23. Ne3 Qa7 24. Rfe1 b4 $17 {Fogarasi-Horvath Cs.
/Budapest/1992})) 20... Bxd5 21. Bxd5 Kh8 (21... b4 $2 22. c4 Kh8 23. Rad1 f5
24. c5 $1 $16 {Czebe-Nemeth/Budapest/1993}) 22. g4 $146 {Trying to prevent
f7-f5.} (22. Rad1 f5 23. Qh3 Qe7 24. Rfe1 e4 25. Re2 Be5 26. f4 exf3 27. Bxf3
Qg5 $11 {Short-Lautier/Linares/1995}) 22... f5 $1 {Otherwise after 23.Be4
White has a huge advantage.} 23. gxf5 (23. g5 {Horvath,T} e4 24. Rae1 Be5 $13 {
Beshukov-Chernyaev/Orel/1992}) 23... Qxf5 24. Be4 Bf6 {Thanks to this tactical
trick Black can hold the balance.} 25. Bxf5 Bxh4 26. Be4 Rf4 1/2-1/2

[Event "Tilburg Fontys"]
[Site "Tilburg"]
[Date "1997.09.27"]
[Round "1"]
[White "Shaked, Tal"]
[Black "Kramnik, Vladimir"]
[Result "0-1"]
[WhiteElo "2500"]
[BlackElo "2770"]
[Annotator "Winants,L"]
[PlyCount "70"]
[EventDate "1997.09.27"]
[EventType "tourn"]
[EventRounds "11"]
[EventCountry "NED"]
[EventCategory "17"]
[SourceTitle "CBM 061"]
[Source "ChessBase"]
[SourceDate "1997.11.23"]
[SourceVersion "1"]
[SourceVersionDate "1997.11.23"]
[SourceQuality "1"]

1. d4 Nf6 2. c4 e6 3. Nc3 Bb4 4. e3 O-O 5. Nge2 d5 6. a3 Be7 7. cxd5 Nxd5 8. g3
(8. Qc2) 8... Nxc3 9. Nxc3 (9. bxc3 $2 Qd5 10. Rg1 c5 {Antoshin,W-Polugaevsky,
L/Moscow 1960}) 9... c5 10. d5 (10. dxc5 Bxc5 (10... Qxd1+ 11. Nxd1 Bxc5 12.
Bg2 (12. b4 Be7 13. Bb2 Bd7 14. Bg2 Bc6 15. Rg1 Bxg2 16. Rxg2 Rc8 {Partos,
C-Stean,M/Biel 1981}) 12... Be7 13. Bd2 (13. b4 a5 14. b5 {1/2-1/2 Szabo,
L-Taimanov,M/Reykjavik 1968}) 13... Nd7 14. b4 Rb8 15. Nb2 b6 16. O-O Bf6 17.
Rab1 Ba6 18. Rfc1 Rbc8 19. Nd1 Bd3 20. Rxc8 Rxc8 21. Rc1 Rc2 22. Rxc2 Bxc2 23.
Nc3 Ne5 24. Nb5 Nc4 25. Bc1 a6 26. Nd4 Bd3 27. Nb3 Kf8 28. Bf1 Bxf1 29. Kxf1
Ke7 30. Ke2 Kd6 31. e4 Kc6 32. a4 b5 33. Nd2 Nxd2 34. axb5+ Kxb5 35. Bxd2 Kc4
36. Kd1 Bc3 37. Bc1 Kb3 38. Bf4 Bxb4 39. Kc1 Bc3 40. Bd6 a5 {0-1 Bagirov,
V-Krogius,N/URS-ch27 Leningrad 1960}) 11. b4 Qxd1+ 12. Kxd1 Be7 13. Bb2 Nc6 14.
Kc2 b6 15. Rd1 Rd8 16. Rxd8+ Nxd8 17. Bg2 Bb7 18. Bxb7 Nxb7 19. Kb3 Nd6 20. Rc1
Rc8 21. a4 a6 22. b5 axb5 23. Nxb5 Rxc1 24. Bxc1 Ne4 25. Ba3 Kf8 26. Na7 Nd2+
27. Kc2 Nc4 {1/2-1/2 Kasparov,G-Tal,M/tr 1980}) 10... Bf6 $146 {[#]} (10...
exd5 11. Nxd5 Be6 12. Bg2 Nc6 (12... Qd7 13. O-O Rd8 14. e4 Nc6 15. Be3 {
Guliev,S-Balashov,Y/St.Petersburg op 1994/1/2-1/2 (65)}) 13. O-O Qd7 14. e4
Bxd5 15. exd5 Nd4 16. b4 {1/2-1/2 Dzindzichashvili,R-Polugaevsky,L/Reykjavik
Summit 1990}) 11. Bg2 Bxc3+ 12. bxc3 exd5 13. Qxd5 (13. Bxd5 $142 Bh3 $5 (13...
Qe7) 14. Bxb7 (14. Bxf7+ Kxf7 15. Qh5+ Kg8 16. Qxh3 Qd3 $44) 14... Nd7 15. Qh5
$1 (15. Bxa8 Qxa8 16. f3 Ne5 17. Kf2 Rd8 18. Qe2 Ng4+ (18... Bg4 19. Rd1 Bxf3
20. Rxd8+ Qxd8) 19. Ke1 Ne5 20. Kf2 Ng4+ $11) 15... Rb8 (15... Qf6 16. Bd2 Rab8
17. Be4 $16) 16. Qxh3 (16. Be4 Nf6 17. Bxh7+ Nxh7 18. Qxh3 Qd3) (16. Bf3 Qf6
17. Bd2 $13) 16... Rxb7 17. O-O Qf6 $44) 13... Qe7 14. Rb1 $2 (14. O-O Nc6)
14... Nc6 (14... Rd8 15. Qh5 (15. Rxb7 Bxb7 16. Qxb7 Nd7)) 15. O-O Be6 16. Qh5
Rad8 $17 {[%csl Ra3,Yb3,Rc3,Yc4,Yd3][%cal Gd8d1] >< <<} 17. e4 Ba2 $1 {[%csl
Gc4,Gd3][%cal Yc6e5]} 18. Ra1 (18. Rb2 Bc4 19. Re1 Ne5) 18... Bc4 19. Re1 Ne5
20. Be3 g6 21. Qh4 (21. Qh6 Ng4 22. Qg5 Qxg5 23. Bxg5 f6 24. Bf4 g5 25. Bc1 Ne5
) 21... Qxh4 22. gxh4 b6 {[%csl Ga7,Gb6,Gc5,Ye3]} 23. Bh6 Rfe8 24. h3 $2 (24.
Bg5 $142 Rd3 25. Re3 (25. Bf6 Ng4 26. Bg5 f6) 25... Kg7 26. Rxd3 Nxd3 27. Be3
$17) 24... f6 25. Rad1 (25. f4 $2 Nf7 $19) 25... Bb5 {[%csl Ra3][%cal Ye5c4]}
26. Rxd8 $6 {<-> -d-} (26. Bc1 Nd3) 26... Rxd8 27. Kh2 Bc6 28. Kg3 Rd3+ 29. Re3
Rd1 $19 30. Re2 Ra1 31. Rd2 Nf7 {[%csl Ra3,Rc3,Gd6,Gd7,Gd8]} 32. Be3 Rxa3 33.
Rc2 Ne5 34. f3 Ba4 35. Rc1 Nd3 0-1